000 00750nam a22002177a 4500
008 240610b mp ||||| |||| 00| 0 mon d
035 _a11680
040 _aUVS1285160
_bmon
_cMN-UlNLM
_dMN-UlNLM
_erda
041 _amon
042 _a43458
084 _2NNA
_a84/4Пол/-44
_bО.75
100 _aОссендовски Ф
245 0 _aХүн,Араатан,Бурхад
264 _aУлаанбаатар
_bМонголын уран зохиол хг
_c2000
300 _a290х.
336 _2rdacontent
_atext
_btxt
337 _2rdamedia
_aunmediated
_bn
338 _2rdacarrier
_avolume
_bnc
650 _aДаваажингийн тухай 1921 оны аян замын эргэцүүлэл тэмдэглэл.....
942 _2NNA
_cBK
999 _c937546
_d937603